House Tyrell - A Song of Ice and Fire Quiz Stats

 Plays Quiz not verified by Sporcle

Challenge
Share
Tweet
Embed
Score 0/31 Timer 10:00
0 Plays Today
% Correct
Ser Loras Tyrell
96.6%
Mace Tyrell
96.5%
Margaery Tyrell
94.5%
Lady Olenna
93%
Willas Tyrell
88.3%
Ser Garlan Willas
88.1%
Growing Strong
87.5%
Randyll Tarly
85%
Paxter Redwynne
63.5%
Leyton Hightower
53.7%
Garth Tyrell
53.5%
Lady Alerie
50.7%
Ser Jon Fossoway
50.6%
Butterbumps
43.8%
Arwyn Oakheart
41.7%
Ser Tanton Fossoway
41.3%
% Correct
Mathis Rowan
35%
Orton Merryweather
28.4%
Arthur Ambrose
27.4%
Lady Mina
23.2%
Lady Janna
22.3%
Osbert Serry
22.2%
Lorent Caswell
17.7%
Maester Gormon
15.6%
Igon Vyrwel
14%
Ser Vortimer Crane
14%
Guthor Grimm
12.6%
Ser Moryn Tyrell
12.1%
Maester Lomys
12.1%
Moribald Chester
12.1%
Humfrey Hewett
7.3%

You're not logged in!

Compare scores with friends on all Sporcle quizzes.
Join for Free
OR
Log In

You Might Also Like...

Show Comments

Extras

Top Quizzes Today


Score Distribution

Your Account Isn't Verified!

In order to create a playlist on Sporcle, you need to verify the email address you used during registration. Go to your Sporcle Settings to finish the process.

Report this User

Report this user for behavior that violates our Community Guidelines.

Details: